[Event "World Chess Olympiad 2018"]
[Site "Batumi"]
[Date "2018.09.25"]
[Round "2"]
[Board "3"]
[WhiteFideId "4801040"]
[White "Al-Saffar Araz Basim Mohammed S"]
[BlackFideId "12404675"]
[Black "Nguyen Anh Khoi"]
[Result "1/2-1/2"]
[LiveChessVersion "1.4.8"]
[BlackElo "2463"]
[WhiteElo "2400"]

1. d4 {[%clk 1:30:53]} Nf6 {[%clk 1:30:52]} 2. c4 {[%clk 1:30:54]} e6
{[%clk 1:30:46]} 3. Nf3 {[%clk 1:31:05]} b6 {[%clk 1:31:00]} 4. g3
{[%clk 1:31:21]} Bb7 {[%clk 1:31:19]} 5. Bg2 {[%clk 1:31:46]} Be7
{[%clk 1:31:38]} 6. O-O {[%clk 1:30:55]} O-O {[%clk 1:31:57]} 7. Nc3
{[%clk 1:31:11]} Ne4 {[%clk 1:32:18]} 8. Nxe4 {[%clk 1:25:57]} Bxe4
{[%clk 1:32:39]} 9. Ne1 {[%clk 1:26:21]} Bxg2 {[%clk 1:32:59]} 10. Nxg2
{[%clk 1:26:44]} d5 {[%clk 1:27:38]} 11. cxd5 {[%clk 1:26:13]} Qxd5
{[%clk 1:27:31]} 12. Nf4 {[%clk 1:20:57]} Qb7 {[%clk 1:23:22]} 13. Be3
{[%clk 1:11:11]} Na6 {[%clk 1:00:35]} 14. Qb3 {[%clk 1:00:05]} c5
{[%clk 0:53:23]} 15. Rac1 {[%clk 0:53:53]} Rac8 {[%clk 0:43:37]} 16. Rfd1
{[%clk 0:44:33]} Rfd8 {[%clk 0:32:20]} 17. dxc5 {[%clk 0:41:42]} Rxd1+
{[%clk 0:32:25]} 18. Qxd1 {[%clk 0:36:48]} Nxc5 {[%clk 0:26:49]} 19. Nd3
{[%clk 0:30:28]} Nxd3 {[%clk 0:25:53]} 20. Rxc8+ {[%clk 0:30:40]} Qxc8
{[%clk 0:26:21]} 21. Qxd3 {[%clk 0:30:56]} h6 {[%clk 0:25:10]} 22. Bd4
{[%clk 0:27:49]} Qd7 {[%clk 0:19:09]} 23. Qc4 {[%clk 0:25:04]} b5
{[%clk 0:17:47]} 24. Qc3 {[%clk 0:24:41]} f6 {[%clk 0:17:32]} 25. e4
{[%clk 0:21:33]} Kh7 {[%clk 0:12:18]} 26. Kg2 {[%clk 0:18:30]} a6
{[%clk 0:12:19]} 27. f3 {[%clk 0:18:24]} Kg8 {[%clk 0:10:01]} 28. g4
{[%clk 0:16:22]} Kh7 {[%clk 0:06:40]} 29. h4 {[%clk 0:13:14]} e5 {[%clk 0:06:09]}
30. Bf2 {[%clk 0:13:34]} Qe6 {[%clk 0:05:00]} 31. b3 {[%clk 0:11:36]} h5
{[%clk 0:04:23]} 32. Kg3 {[%clk 0:09:57]} Qd7 {[%clk 0:02:24]} 33. Qc2
{[%clk 0:08:38]} g6 {[%clk 0:02:11]} 34. Be3 {[%clk 0:07:08]} Kg7
{[%clk 0:01:33]} 35. a4 {[%clk 0:05:44]} Kf7 {[%clk 0:01:18]} 36. axb5
{[%clk 0:05:11]} axb5 {[%clk 0:01:29]} 37. Qe2 {[%clk 0:04:35]} Qc6
{[%clk 0:01:14]} 38. Qd3 {[%clk 0:03:25]} Bb4 {[%clk 0:01:06]} 39. Bf2
{[%clk 0:03:17]} Bf8 {[%clk 0:00:43]} 40. Qe3 {[%clk 0:32:28]} Ke6
{[%clk 0:30:39]} 41. g5 {[%clk 0:26:48]} f5 {[%clk 0:24:55]} 42. Qd3
{[%clk 0:21:10]} 1/2-1/2

[Event "World Chess Olympiad 2018"]
[Site "Batumi"]
[Date "2018.09.25"]
[Round "2"]
[Board "4"]
[WhiteFideId "12400084"]
[White "Dao Thien Hai"]
[BlackFideId "4801849"]
[Black "Abdulwahhab Ahmed Abdulsattar A"]
[Result "1/2-1/2"]
[LiveChessVersion "1.4.8"]
[BlackElo "2271"]
[WhiteElo "2477"]

1. d4 {[%clk 1:30:56]} Nf6 {[%clk 1:30:46]} 2. c4 {[%clk 1:31:20]} g6
{[%clk 1:30:53]} 3. Nc3 {[%clk 1:31:44]} Bg7 {[%clk 1:31:17]} 4. e4
{[%clk 1:32:09]} d6 {[%clk 1:31:37]} 5. h3 {[%clk 1:31:02]} O-O {[%clk 1:30:38]}
6. Nf3 {[%clk 1:27:42]} e5 {[%clk 1:30:35]} 7. d5 {[%clk 1:28:02]} a5
{[%clk 1:30:41]} 8. g4 {[%clk 1:27:28]} Na6 {[%clk 1:29:09]} 9. Be3
{[%clk 1:24:14]} Nd7 {[%clk 1:25:46]} 10. a3 {[%clk 1:21:20]} Nac5
{[%clk 1:18:10]} 11. Qc2 {[%clk 1:18:28]} Nb6 {[%clk 1:16:45]} 12. Rg1
{[%clk 1:18:13]} Bd7 {[%clk 1:14:09]} 13. O-O-O {[%clk 1:09:44]} Kh8
{[%clk 1:01:06]} 14. Kb1 {[%clk 1:09:03]} Nba4 {[%clk 1:00:05]} 15. Nd2
{[%clk 1:07:10]} Nxc3+ {[%clk 0:51:43]} 16. Qxc3 {[%clk 1:03:43]} Qe7
{[%clk 0:45:46]} 17. Be2 {[%clk 0:49:40]} c6 {[%clk 0:41:59]} 18. Ka2
{[%clk 0:38:11]} cxd5 {[%clk 0:41:52]} 19. exd5 {[%clk 0:38:33]} f5
{[%clk 0:36:57]} 20. gxf5 {[%clk 0:38:13]} Bxf5 {[%clk 0:36:13]} 21. Bg4
{[%clk 0:34:45]} Rfb8 {[%clk 0:26:48]} 22. Bxf5 {[%clk 0:30:13]} gxf5
{[%clk 0:27:10]} 23. Qc2 {[%clk 0:21:00]} Rf8 {[%clk 0:24:36]} 24. Rg2
{[%clk 0:20:30]} Rf7 {[%clk 0:24:22]} 25. Nf3 {[%clk 0:19:50]} Ne4
{[%clk 0:23:22]} 26. Rdg1 {[%clk 0:19:14]} Qc7 {[%clk 0:20:59]} 27. Rc1
{[%clk 0:18:51]} a4 {[%clk 0:19:43]} 28. h4 {[%clk 0:17:11]} Qa5 {[%clk 0:17:52]}
29. h5 {[%clk 0:15:28]} b5 {[%clk 0:13:46]} 30. h6 {[%clk 0:12:23]} Bf6
{[%clk 0:14:00]} 31. cxb5 {[%clk 0:07:30]} Qxb5 {[%clk 0:13:57]} 32. Qc4
{[%clk 0:07:31]} Qb7 {[%clk 0:13:23]} 33. Ne1 {[%clk 0:07:31]} Rff8
{[%clk 0:12:18]} 34. f3 {[%clk 0:07:12]} Rfc8 {[%clk 0:11:23]} 35. Qd3
{[%clk 0:07:35]} Rxc1 {[%clk 0:11:41]} 36. Bxc1 {[%clk 0:08:02]} Nc5
{[%clk 0:12:00]} 37. Qxf5 {[%clk 0:08:05]} Qxd5+ {[%clk 0:12:09]} 38. Kb1
{[%clk 0:08:30]} Qe6 {[%clk 0:10:29]} 39. Qxe6 {[%clk 0:05:51]} Nxe6
{[%clk 0:10:50]} 40. Nc2 {[%clk 0:35:53]} Rg8 {[%clk 0:37:29]} 41. Rd2
{[%clk 0:36:12]} Be7 {[%clk 0:37:26]} 42. Rd1 {[%clk 0:36:33]} Rf8
{[%clk 0:33:53]} 43. Rd3 {[%clk 0:36:06]} Kg8 {[%clk 0:31:25]} 44. Nb4
{[%clk 0:36:14]} Nc5 {[%clk 0:31:26]} 45. Rc3 {[%clk 0:36:32]} Kf7
{[%clk 0:28:43]} 46. f4 {[%clk 0:36:32]} e4 {[%clk 0:23:31]} 47. Rg3
{[%clk 0:33:54]} Rg8 {[%clk 0:23:06]} 48. Rxg8 {[%clk 0:33:54]} Kxg8
{[%clk 0:23:30]} 49. Nd5 {[%clk 0:34:13]} Kf7 {[%clk 0:23:07]} 50. f5
{[%clk 0:34:39]} Bf6 {[%clk 0:23:06]} 51. Bf4 {[%clk 0:34:05]} Nd3
{[%clk 0:19:58]} 52. Bxd6 {[%clk 0:34:28]} Bxb2 {[%clk 0:20:19]} 53. Kc2
{[%clk 0:34:09]} Be5 {[%clk 0:19:30]} 54. Bxe5 {[%clk 0:33:50]} Nxe5
{[%clk 0:19:52]} 55. Kc3 {[%clk 0:34:03]} Ng4 {[%clk 0:18:39]} 56. Kd4
{[%clk 0:34:22]} Nxh6 {[%clk 0:17:47]} 57. Kxe4 {[%clk 0:34:47]} Ng4
{[%clk 0:17:44]} 58. Nc3 {[%clk 0:34:52]} Nh6 {[%clk 0:16:36]} 59. Nxa4
{[%clk 0:33:59]} Nxf5 {[%clk 0:16:24]} 60. Nc5 {[%clk 0:33:47]} Kf6
{[%clk 0:16:24]} 61. a4 {[%clk 0:33:47]} h5 {[%clk 0:16:19]} 62. a5
{[%clk 0:33:47]} h4 {[%clk 0:15:33]} 63. a6 {[%clk 0:33:48]} h3 {[%clk 0:14:29]}
64. Kf3 {[%clk 0:33:55]} Nd4+ {[%clk 0:13:53]} 65. Kg3 {[%clk 0:34:19]} Nc6
{[%clk 0:14:16]} 1/2-1/2

[Event "World Chess Olympiad 2018"]
[Site "Batumi"]
[Date "2018.09.25"]
[Round "2"]
[Board "2"]
[WhiteFideId "6500331"]
[White "Valdes Romero Leonardo"]
[BlackFideId "2809052"]
[Black "Nabaty Tamir"]
[Result "0-1"]
[LiveChessVersion "1.4.8"]
[BlackElo "2692"]
[WhiteElo "2398"]

1. Nf3 {[%clk 1:30:55]} d5 {[%clk 1:30:47]} 2. g3 {[%clk 1:31:20]} g6
{[%clk 1:31:10]} 3. Bg2 {[%clk 1:29:27]} Bg7 {[%clk 1:29:04]} 4. O-O
{[%clk 1:29:11]} e5 {[%clk 1:29:28]} 5. d3 {[%clk 1:29:37]} Ne7 {[%clk 1:29:39]}
6. e4 {[%clk 1:29:57]} dxe4 {[%clk 1:28:43]} 7. dxe4 {[%clk 1:30:21]} Qxd1
{[%clk 1:29:08]} 8. Rxd1 {[%clk 1:30:47]} Be6 {[%clk 1:26:42]} 9. Na3
{[%clk 1:17:03]} a6 {[%clk 1:23:42]} 10. c3 {[%clk 1:09:29]} h6 {[%clk 1:21:45]}
11. Nc2 {[%clk 1:08:51]} Nd7 {[%clk 1:21:11]} 12. b3 {[%clk 1:05:44]} O-O-O
{[%clk 1:10:33]} 13. Ba3 {[%clk 1:04:42]} Nc6 {[%clk 1:10:35]} 14. Ne3
{[%clk 1:04:11]} Bf8 {[%clk 1:02:04]} 15. Bxf8 {[%clk 1:02:29]} Rhxf8
{[%clk 1:02:22]} 16. Nh4 {[%clk 0:55:24]} Nc5 {[%clk 0:55:35]} 17. f3
{[%clk 0:40:29]} Na7 {[%clk 0:52:53]} 18. f4 {[%clk 0:36:53]} exf4
{[%clk 0:50:30]} 19. gxf4 {[%clk 0:37:17]} g5 {[%clk 0:50:26]} 20. fxg5
{[%clk 0:36:57]} hxg5 {[%clk 0:50:48]} 21. Nhf5 {[%clk 0:36:25]} Nb5
{[%clk 0:50:05]} 22. Ne7+ {[%clk 0:16:13]} Kb8 {[%clk 0:50:30]} 23. N3d5
{[%clk 0:11:54]} Bg4 {[%clk 0:40:23]} 24. Rf1 {[%clk 0:07:30]} c6
{[%clk 0:39:50]} 25. Nf6 {[%clk 0:07:34]} Be6 {[%clk 0:39:11]} 26. c4
{[%clk 0:07:35]} Nc3 {[%clk 0:36:04]} 27. Rf2 {[%clk 0:07:26]} Nd3
{[%clk 0:27:40]} 28. Rc2 {[%clk 0:06:59]} Nf4 {[%clk 0:28:06]} 29. Re1
{[%clk 0:06:41]} Rd1 {[%clk 0:27:37]} 30. Rxd1 {[%clk 0:05:52]} Nxd1
{[%clk 0:28:05]} 31. Rd2 {[%clk 0:05:54]} Ne3 {[%clk 0:27:54]} 32. Bf1
{[%clk 0:05:41]} Kc7 {[%clk 0:24:01]} 33. Kf2 {[%clk 0:05:44]} Ng4+
{[%clk 0:17:58]} 34. Nxg4 {[%clk 0:06:05]} Bxg4 {[%clk 0:18:26]} 35. Kg3
{[%clk 0:03:59]} Be6 {[%clk 0:17:59]} 36. Nf5 {[%clk 0:03:11]} a5
{[%clk 0:14:24]} 37. Kf3 {[%clk 0:02:23]} Rh8 {[%clk 0:12:01]} 38. Ng3
{[%clk 0:01:39]} Ng6 {[%clk 0:11:43]} 39. Nf5 {[%clk 0:01:36]} a4
{[%clk 0:11:13]} 40. Kg3 {[%clk 0:30:58]} Ne5 {[%clk 0:39:57]} 41. Rf2
{[%clk 0:24:32]} Rd8 {[%clk 0:35:30]} 42. h4 {[%clk 0:21:04]} gxh4+
{[%clk 0:34:50]} 43. Kxh4 {[%clk 0:20:19]} axb3 {[%clk 0:27:50]} 44. axb3
{[%clk 0:20:44]} Kb6 {[%clk 0:28:15]} 45. Kg3 {[%clk 0:18:33]} Kc5
{[%clk 0:26:23]} 46. b4+ {[%clk 0:10:07]} Kxb4 {[%clk 0:26:26]} 47. Rb2+
{[%clk 0:10:32]} Kc5 {[%clk 0:20:57]} 48. Rxb7 {[%clk 0:10:48]} Nxc4
{[%clk 0:16:26]} 49. Bxc4 {[%clk 0:10:36]} Kxc4 {[%clk 0:16:33]} 50. Kf4
{[%clk 0:10:44]} c5 {[%clk 0:15:46]} 51. Ke5 {[%clk 0:07:14]} Kd3
{[%clk 0:11:37]} 52. Nd6 {[%clk 0:06:15]} c4 {[%clk 0:10:57]} 53. Nxf7
{[%clk 0:01:12]} Re8 {[%clk 0:11:23]} 0-1

[Event "World Chess Olympiad 2018"]
[Site "Batumi"]
[Date "2018.09.25"]
[Round "2"]
[Board "4"]
[WhiteFideId "1008013"]
[White "Tiviakov Sergei"]
[BlackFideId "2403757"]
[Black "Abdulla Murad"]
[Result "1-0"]
[LiveChessVersion "1.4.8"]
[BlackElo "2292"]
[WhiteElo "2604"]

1. e4 {[%clk 1:30:57]} c5 {[%clk 1:30:46]} 2. c3 {[%clk 1:31:22]} Nf6
{[%clk 1:31:06]} 3. e5 {[%clk 1:31:46]} Nd5 {[%clk 1:31:18]} 4. Nf3
{[%clk 1:32:11]} d6 {[%clk 1:30:35]} 5. Na3 {[%clk 1:31:41]} e6 {[%clk 1:28:00]}
6. exd6 {[%clk 1:30:55]} Bxd6 {[%clk 1:27:42]} 7. Nc4 {[%clk 1:31:17]} Bc7
{[%clk 1:27:12]} 8. d4 {[%clk 1:31:35]} cxd4 {[%clk 1:24:42]} 9. Nxd4
{[%clk 1:31:03]} a6 {[%clk 1:20:41]} 10. Be2 {[%clk 1:30:46]} Nd7
{[%clk 1:11:42]} 11. O-O {[%clk 1:25:31]} O-O {[%clk 1:09:03]} 12. Re1
{[%clk 1:20:29]} b5 {[%clk 1:03:38]} 13. Ne3 {[%clk 1:20:49]} N7b6
{[%clk 0:55:48]} 14. Nxd5 {[%clk 1:19:41]} Nxd5 {[%clk 0:55:35]} 15. Bf3
{[%clk 1:20:06]} Bb7 {[%clk 0:54:55]} 16. a4 {[%clk 1:20:23]} Qd6
{[%clk 0:45:41]} 17. g3 {[%clk 1:20:20]} Qc5 {[%clk 0:40:59]} 18. Qe2
{[%clk 0:52:21]} e5 {[%clk 0:27:11]} 19. Nf5 {[%clk 0:52:04]} Kh8
{[%clk 0:25:20]} 20. Be3 {[%clk 0:47:32]} Nxe3 {[%clk 0:12:35]} 21. Bxb7
{[%clk 0:47:06]} Rab8 {[%clk 0:12:19]} 22. Nxe3 {[%clk 0:41:14]} Rxb7
{[%clk 0:12:42]} 23. Qf3 {[%clk 0:41:39]} Rbb8 {[%clk 0:09:10]} 24. b4
{[%clk 0:40:26]} Qb6 {[%clk 0:06:00]} 25. axb5 {[%clk 0:40:06]} axb5
{[%clk 0:05:13]} 26. Qe4 {[%clk 0:35:33]} f5 {[%clk 0:01:38]} 27. Nxf5
{[%clk 0:35:37]} Qf6 {[%clk 0:02:00]} 28. Ne3 {[%clk 0:36:03]} Qxf2+
{[%clk 0:02:23]} 29. Kh1 {[%clk 0:36:29]} Qb2 {[%clk 0:00:47]} 30. Rab1
{[%clk 0:33:45]} Qa2 {[%clk 0:00:41]} 31. Qd5 {[%clk 0:30:13]} Qxd5+
{[%clk 0:00:33]} 32. Nxd5 {[%clk 0:30:39]} Bd6 {[%clk 0:00:43]} 33. Kg2
{[%clk 0:29:59]} Kg8 {[%clk 0:00:59]} 34. Ra1 {[%clk 0:28:38]} Ra8
{[%clk 0:00:51]} 35. Ra5 {[%clk 0:28:07]} Rab8 {[%clk 0:00:32]} 36. Ra7
{[%clk 0:27:19]} Rf7 {[%clk 0:01:02]} 37. Rea1 {[%clk 0:25:12]} Rbf8
{[%clk 0:00:44]} 38. Rxf7 {[%clk 0:24:57]} Kxf7 {[%clk 0:00:47]} 39. Ra6
{[%clk 0:42:06]} Rd8 {[%clk 0:30:33]} 40. Kf3 {[%clk 0:41:33]} Rd7
{[%clk 0:30:38]} 41. Ke4 {[%clk 0:39:55]} Ke6 {[%clk 0:21:27]} 42. Rb6
{[%clk 0:39:51]} Rf7 {[%clk 0:21:09]} 43. h4 {[%clk 0:39:50]} h6 {[%clk 0:07:51]}
44. Rxb5 {[%clk 0:39:56]} Rf1 {[%clk 0:07:39]} 45. Rb6 {[%clk 0:38:39]} g5
{[%clk 0:01:38]} 46. hxg5 {[%clk 0:38:51]} hxg5 {[%clk 0:02:04]} 47. Ne3
{[%clk 0:37:35]} Re1 {[%clk 0:02:19]} 48. c4 {[%clk 0:38:00]} 1-0

[Event "World Chess Olympiad 2018"]
[Site "Batumi"]
[Date "2018.09.25"]
[Round "2"]
[Board "3"]
[WhiteFideId "14800268"]
[White "Calicoca Wilton Inacio"]
[BlackFideId "19600160"]
[Black "Yahi Mohamed Salem"]
[Result "1/2-1/2"]
[LiveChessVersion "1.4.8"]
[BlackElo "1926"]
[WhiteElo "2135"]

1. e4 {[%clk 1:30:52]} d6 {[%clk 1:30:40]} 2. d4 {[%clk 1:31:20]} Nf6
{[%clk 1:30:59]} 3. Nc3 {[%clk 1:31:46]} g6 {[%clk 1:31:05]} 4. Be2
{[%clk 1:32:15]} Bg7 {[%clk 1:30:59]} 5. Be3 {[%clk 1:32:43]} c6 {[%clk 1:30:13]}
6. Qd2 {[%clk 1:31:38]} b5 {[%clk 1:30:06]} 7. a3 {[%clk 1:31:55]} Qa5
{[%clk 1:28:31]} 8. e5 {[%clk 1:30:54]} dxe5 {[%clk 1:24:12]} 9. dxe5
{[%clk 1:31:19]} Ng4 {[%clk 1:23:38]} 10. Bxg4 {[%clk 1:31:33]} Bxg4
{[%clk 1:23:44]} 11. h3 {[%clk 1:31:46]} Be6 {[%clk 1:23:28]} 12. f4
{[%clk 1:31:33]} O-O {[%clk 1:22:14]} 13. Nge2 {[%clk 1:25:34]} Rd8
{[%clk 1:21:38]} 14. Qc1 {[%clk 1:25:45]} Nd7 {[%clk 1:19:16]} 15. O-O
{[%clk 1:25:59]} Qc7 {[%clk 1:17:28]} 16. Nd4 {[%clk 1:24:59]} Bc4
{[%clk 1:17:05]} 17. Rf2 {[%clk 1:23:59]} Nb6 {[%clk 1:17:03]} 18. Qe1
{[%clk 1:21:46]} Nd5 {[%clk 1:13:55]} 19. Nxd5 {[%clk 1:22:07]} Bxd5
{[%clk 1:14:09]} 20. c3 {[%clk 1:21:50]} a6 {[%clk 1:14:04]} 21. Ne2
{[%clk 1:19:21]} c5 {[%clk 1:13:33]} 22. b4 {[%clk 1:19:07]} cxb4
{[%clk 1:12:04]} 23. axb4 {[%clk 1:17:38]} Bc4 {[%clk 1:11:40]} 24. Bd4
{[%clk 1:17:09]} a5 {[%clk 1:11:07]} 25. Ng3 {[%clk 1:15:23]} axb4
{[%clk 1:11:04]} 26. Rxa8 {[%clk 1:15:50]} Rxa8 {[%clk 1:11:21]} 27. cxb4
{[%clk 1:16:04]} e6 {[%clk 1:09:10]} 28. Ne4 {[%clk 1:13:51]} Qc6
{[%clk 0:58:40]} 29. Qe3 {[%clk 1:06:36]} Ra4 {[%clk 0:56:00]} 30. Nf6+
{[%clk 1:04:38]} Kh8 {[%clk 0:51:41]} 31. Bc5 {[%clk 0:59:04]} Ra1+
{[%clk 0:37:23]} 32. Kh2 {[%clk 0:59:30]} Qa8 {[%clk 0:29:53]} 33. Qd4
{[%clk 0:56:23]} Bxf6 {[%clk 0:28:44]} 34. exf6 {[%clk 0:56:45]} Bd5
{[%clk 0:28:38]} 35. Qe5 {[%clk 0:49:36]} h6 {[%clk 0:27:53]} 36. Be3
{[%clk 0:23:06]} Kh7 {[%clk 0:20:44]} 37. Qc7 {[%clk 0:12:11]} Qb7
{[%clk 0:16:06]} 38. Qc5 {[%clk 0:09:45]} Ra8 {[%clk 0:15:20]} 39. Rc2
{[%clk 0:08:57]} Bc4 {[%clk 0:08:03]} 40. Rd2 {[%clk 0:36:38]} Rc8
{[%clk 0:36:36]} 41. Qe5 {[%clk 0:29:12]} Bd5 {[%clk 0:36:37]} 42. Qd6
{[%clk 0:23:51]} Qc7 {[%clk 0:35:36]} 43. Qe7 {[%clk 0:23:00]} Qxe7
{[%clk 0:35:13]} 44. fxe7 {[%clk 0:23:27]} f6 {[%clk 0:34:49]} 45. Bc5
{[%clk 0:23:00]} Kg7 {[%clk 0:34:51]} 46. g4 {[%clk 0:23:28]} f5 {[%clk 0:32:46]}
47. gxf5 {[%clk 0:23:01]} gxf5 {[%clk 0:32:44]} 48. Rd3 {[%clk 0:21:58]} Kf7
{[%clk 0:31:10]} 49. Ra3 {[%clk 0:21:43]} Rg8 {[%clk 0:30:21]} 50. Rg3
{[%clk 0:03:16]} Rxg3 {[%clk 0:30:40]} 51. Kxg3 {[%clk 0:03:45]} h5
{[%clk 0:30:50]} 52. h4 {[%clk 0:03:40]} Bc4 {[%clk 0:30:40]} 53. Kf2
{[%clk 0:04:07]} Ke8 {[%clk 0:30:14]} 54. Ke3 {[%clk 0:04:26]} Bd5
{[%clk 0:30:17]} 55. Kd4 {[%clk 0:04:30]} Bc4 {[%clk 0:30:30]} 56. Bd6
{[%clk 0:04:32]} Bd5 {[%clk 0:30:47]} 57. Kc5 {[%clk 0:04:26]} Bc4
{[%clk 0:31:09]} 58. Kc6 {[%clk 0:04:30]} Bd3 {[%clk 0:31:16]} 59. Bc5
{[%clk 0:04:36]} Bc4 {[%clk 0:31:25]} 60. Kd6 {[%clk 0:05:02]} Bd5
{[%clk 0:31:20]} 61. Ke5 {[%clk 0:05:27]} Bc4 {[%clk 0:31:41]} 62. Kf6
{[%clk 0:05:23]} Bd5 {[%clk 0:31:54]} 63. Bd6 {[%clk 0:05:29]} Bc4
{[%clk 0:32:12]} 64. Kg7 {[%clk 0:04:12]} Bd5 {[%clk 0:32:09]} 65. Bc5
{[%clk 0:04:13]} Bc4 {[%clk 0:32:30]} 66. Kg6 {[%clk 0:04:29]} Be2
{[%clk 0:32:45]} 67. Kg5 {[%clk 0:04:31]} Bf3 {[%clk 0:32:58]} 68. Bd6
{[%clk 0:04:41]} Kf7 {[%clk 0:33:10]} 1/2-1/2

[Event "World Chess Olympiad 2018"]
[Site "Batumi"]
[Date "2018.09.25"]
[Round "2"]
[Board "1"]
[WhiteFideId "6900224"]
[White "De La Riva Aguado Oscar"]
[BlackFideId "2101246"]
[Black "Leitao Rafael"]
[Result "0-1"]
[LiveChessVersion "1.4.8"]
[BlackElo "2620"]
[WhiteElo "2475"]

1. e4 {[%clk 1:30:53]} c5 {[%clk 1:30:42]} 2. Nf3 {[%clk 1:30:49]} e6
{[%clk 1:30:54]} 3. d3 {[%clk 1:29:40]} Nc6 {[%clk 1:30:05]} 4. g3
{[%clk 1:29:38]} d5 {[%clk 1:26:45]} 5. Qe2 {[%clk 1:28:12]} Nf6 {[%clk 1:21:42]}
6. Bg2 {[%clk 1:26:45]} Be7 {[%clk 1:21:59]} 7. O-O {[%clk 1:25:10]} O-O
{[%clk 1:17:08]} 8. e5 {[%clk 1:21:22]} Nd7 {[%clk 1:17:07]} 9. c4
{[%clk 1:19:51]} Nb6 {[%clk 1:13:33]} 10. h4 {[%clk 1:09:37]} f6 {[%clk 1:10:17]}
11. exf6 {[%clk 0:55:42]} Bxf6 {[%clk 1:10:09]} 12. Nbd2 {[%clk 0:56:07]} Qd6
{[%clk 0:41:44]} 13. Nb3 {[%clk 0:49:24]} Bd7 {[%clk 0:41:38]} 14. Be3
{[%clk 0:41:04]} Na4 {[%clk 0:39:58]} 15. Bf4 {[%clk 0:29:08]} e5
{[%clk 0:37:33]} 16. Bg5 {[%clk 0:29:25]} dxc4 {[%clk 0:35:35]} 17. dxc4
{[%clk 0:28:01]} Nd4 {[%clk 0:34:59]} 18. Nfxd4 {[%clk 0:26:34]} exd4
{[%clk 0:34:19]} 19. Bxb7 {[%clk 0:19:12]} Rae8 {[%clk 0:33:32]} 20. Qd2
{[%clk 0:17:40]} Bxg5 {[%clk 0:32:49]} 21. hxg5 {[%clk 0:17:07]} Nb6
{[%clk 0:22:03]} 22. Na5 {[%clk 0:14:22]} Bf5 {[%clk 0:16:45]} 23. Rfe1
{[%clk 0:04:56]} Re6 {[%clk 0:09:53]} 24. Rxe6 {[%clk 0:04:11]} Qxe6
{[%clk 0:10:17]} 25. Re1 {[%clk 0:02:48]} Nxc4 {[%clk 0:08:02]} 26. Qc1
{[%clk 0:01:10]} Ne5 {[%clk 0:07:41]} 27. Nc6 {[%clk 0:01:37]} Nf3+
{[%clk 0:07:59]} 0-1

[Event "World Chess Olympiad 2018"]
[Site "Batumi"]
[Date "2018.09.25"]
[Round "2"]
[Board "2"]
[WhiteFideId "2107139"]
[White "Fier Alexandr"]
[BlackFideId "2260409"]
[Black "Aloma Vidal Robert"]
[Result "1-0"]
[LiveChessVersion "1.4.8"]
[BlackElo "2428"]
[WhiteElo "2558"]

1. Nf3 {[%clk 1:30:57]} d5 {[%clk 1:30:19]} 2. c4 {[%clk 1:31:22]} dxc4
{[%clk 1:26:53]} 3. Na3 {[%clk 1:30:37]} a6 {[%clk 1:14:02]} 4. Nxc4
{[%clk 1:30:33]} b5 {[%clk 1:13:56]} 5. Ne3 {[%clk 1:25:00]} Bb7 {[%clk 1:02:53]}
6. g3 {[%clk 1:18:32]} Nf6 {[%clk 0:56:46]} 7. Bg2 {[%clk 1:18:57]} e6
{[%clk 0:56:50]} 8. O-O {[%clk 1:17:37]} Be7 {[%clk 0:56:26]} 9. b3
{[%clk 1:17:02]} O-O {[%clk 0:55:51]} 10. Bb2 {[%clk 1:17:30]} c5
{[%clk 0:53:39]} 11. Qc2 {[%clk 1:17:54]} Nbd7 {[%clk 0:47:18]} 12. Rac1
{[%clk 1:12:56]} h6 {[%clk 0:41:33]} 13. Rfd1 {[%clk 1:10:18]} Rc8
{[%clk 0:41:26]} 14. Qb1 {[%clk 1:10:45]} Qb6 {[%clk 0:40:53]} 15. Qa1
{[%clk 1:07:32]} Rfd8 {[%clk 0:40:21]} 16. h3 {[%clk 1:07:54]} Bf8
{[%clk 0:39:36]} 17. d3 {[%clk 1:08:21]} Bc6 {[%clk 0:32:06]} 18. Ng4
{[%clk 1:06:26]} Nxg4 {[%clk 0:30:01]} 19. hxg4 {[%clk 1:04:19]} Qb7
{[%clk 0:23:14]} 20. e4 {[%clk 1:04:39]} a5 {[%clk 0:21:04]} 21. g5
{[%clk 1:03:50]} hxg5 {[%clk 0:20:10]} 22. Nxg5 {[%clk 1:04:16]} a4
{[%clk 0:17:28]} 23. Bh3 {[%clk 1:03:45]} Re8 {[%clk 0:16:07]} 24. Kg2
{[%clk 1:04:07]} axb3 {[%clk 0:09:31]} 25. Rh1 {[%clk 1:04:24]} c4
{[%clk 0:06:03]} 26. Bxe6 {[%clk 1:04:06]} Rxe6 {[%clk 0:02:36]} 27. Rh8+
{[%clk 1:04:23]} 1-0

[Event "World Chess Olympiad 2018"]
[Site "Batumi"]
[Date "2018.09.25"]
[Round "2"]
[Board "3"]
[WhiteFideId "6900020"]
[White "Garcia Paolicchi Raul"]
[BlackFideId "2106388"]
[Black "Supi Luis Paulo"]
[Result "0-1"]
[LiveChessVersion "1.4.8"]
[BlackElo "2548"]
[WhiteElo "2176"]

1. d4 {[%clk 1:30:57]} Nf6 {[%clk 1:30:53]} 2. Bg5 {[%clk 1:31:10]} g6
{[%clk 1:29:57]} 3. Bxf6 {[%clk 1:31:01]} exf6 {[%clk 1:30:17]} 4. g3
{[%clk 1:30:53]} d5 {[%clk 1:26:37]} 5. Bg2 {[%clk 1:30:42]} c6 {[%clk 1:24:34]}
6. e3 {[%clk 1:29:02]} Bd6 {[%clk 1:23:55]} 7. Ne2 {[%clk 1:28:31]} Nd7
{[%clk 1:20:40]} 8. Nd2 {[%clk 1:26:22]} Nb6 {[%clk 1:19:06]} 9. Rc1
{[%clk 1:18:37]} O-O 10. O-O {[%clk 1:13:52]} Be6 {[%clk 1:06:30]} 11. e4
{[%clk 1:02:32]} dxe4 {[%clk 1:04:15]} 12. Nxe4 {[%clk 1:02:43]} Be7
{[%clk 0:55:10]} 13. Nf4 {[%clk 0:57:15]} Bc8 {[%clk 0:46:47]} 14. c3
{[%clk 0:53:16]} f5 {[%clk 0:45:20]} 15. Nd2 {[%clk 0:52:11]} h5 {[%clk 0:34:17]}
16. h4 {[%clk 0:44:29]} Bd6 {[%clk 0:27:15]} 17. Qf3 {[%clk 0:38:13]} Qf6
{[%clk 0:26:28]} 18. Rfe1 {[%clk 0:33:37]} Bd7 {[%clk 0:23:43]} 19. Re2
{[%clk 0:31:01]} Rad8 {[%clk 0:17:24]} 20. Rce1 {[%clk 0:26:25]} Bc8
{[%clk 0:16:33]} 21. Nd3 {[%clk 0:17:42]} Kg7 {[%clk 0:16:30]} 22. Ne5
{[%clk 0:17:25]} Bb8 {[%clk 0:12:53]} 23. Qe3 {[%clk 0:13:26]} Rh8
{[%clk 0:09:23]} 24. f4 {[%clk 0:13:31]} Rhe8 {[%clk 0:07:41]} 25. Qf2
{[%clk 0:12:59]} Nd5 {[%clk 0:05:27]} 26. Nb3 {[%clk 0:11:20]} Qd6
{[%clk 0:05:13]} 27. Qf3 {[%clk 0:08:18]} Nf6 {[%clk 0:04:18]} 28. Nd2
{[%clk 0:06:33]} c5 {[%clk 0:02:40]} 29. Nb3 {[%clk 0:03:23]} cxd4
{[%clk 0:03:04]} 30. Nxd4 {[%clk 0:03:40]} Qc7 {[%clk 0:02:43]} 31. Kh1
{[%clk 0:02:22]} a6 {[%clk 0:02:54]} 32. Nc2 {[%clk 0:01:21]} Ba7
{[%clk 0:03:00]} 33. Qf1 {[%clk 0:01:21]} Rd6 {[%clk 0:01:39]} 34. Rd1
{[%clk 0:01:27]} Red8 {[%clk 0:01:54]} 35. Rxd6 {[%clk 0:01:52]} Rxd6
{[%clk 0:02:18]} 36. Ne3 {[%clk 0:01:26]} b5 {[%clk 0:01:15]} 37. Qe1
{[%clk 0:01:04]} Ne4 {[%clk 0:01:16]} 38. Bxe4 {[%clk 0:00:55]} fxe4
{[%clk 0:01:44]} 39. f5 {[%clk 0:00:51]} Bxe3 {[%clk 0:01:58]} 40. Rxe3
{[%clk 0:31:13]} Bxf5 {[%clk 0:32:10]} 0-1